[Event "Mar del Plata op 54th"]
[Site "Mar del Plata"]
[Date "2025.04.17"]
[Round "7"]
[White "Jorge, Luis Alberto"]
[Black "Moreno Perez, Tobias Sebastian"]
[Result "0-1"]
[WhiteElo "1901"]
[BlackElo "2322"]
[PlyCount "110"]
[EventDate "2025.04.12"]
[EventType "swiss"]
[EventRounds "9"]
[EventCountry "ARG"]
[SourceTitle "CB17_2025"]
[SourceDate "2025.04.23"]
[SourceVersion "1"]
[SourceVersionDate "2025.04.23"]
[SourceQuality "1"]

1. e4 c6 2. d4 d5 3. e5 Bf5 4. Bd3 Bxd3 5. Qxd3 e6 6. c3 Nd7 7. Ne2 c5 8. 0-0 Ne7 9. Nd2 Nc6 10. a3 cxd4 11. cxd4 Be7 12. f4 Qb6 13. Kh1 Qa6 14. Qxa6 bxa6 15. b4 Nb6 16. Nb3 0-0 17. f5 exf5 18. Rxf5 Nc4 19. Bg5 Bxg5 20. Rxg5 a5 21. b5 Nd8 22. Nc3 Ne6 23. Rf5 Rfd8 24. a4 Rac8 25. Rc1 Rc7 26. Rff1 h5 27. Kg1 Nb2 28. Ne2 Rdc8 29. Rxc7 Rxc7 30. Nxa5 Rc2 31. Re1 Nd3 32. Rd1 Rxe2 33. Rxd3 Ra2 34. Nc6 Rxa4 35. Ne7+ Kf8 36. Nxd5 Nxd4 37. b6 axb6 38. Nxb6 Ra1+ 39. Kf2 Ra2+ 40. Kf1 Ne6 41. Nd5 Kg8 42. h4 Ra1+ 43. Kf2 Ra5 44. Rd1 Kh7 45. g3 Kh6 46. Ke3 Ra3+ 47. Rd3 Ra5 48. Rd1 g5 49. hxg5+ Kxg5 50. Kf3 Ra4 51. Nf6 Nd4+ 52. Kg2 Ra2+ 53. Kh3 Nf3 54. Rh1 Nxe5 55. Nd5 Ng4 0-1